Baseball - Statistics

General Stats
  • This quiz has been taken 21 times
  • The average score is 9 of 10
Answer Stats
Hint Answer % Correct
Yankees (1920-1934)"The Bambino" set many batting records including most home runs at 714 Babe Ruth
100%
White SoxNicknamed "Shoeless ___" Infamous for his role in the "Black Sox Scandal" during the World Series of 1919 Joe Jackson
100%
Yankees (1923-1939)"Iron Horse" Set the record for most consecutive games played at 2,130 suffered from ALS Lou Gehrig
95%
Orioles (1981-2001) 1st base "Iron Man" broke Lou Gehrig's record of most consecutive games played, record changed to 2,632 Cal Ripken Jr.
84%
Yankees (1995-2014)shortstop 5 World Series championships career leader for Yankees in hits, doubles, games played, stolen bases, and times on base 5 time Gold Glove Award Derek Jeter
84%
Dodgers (1947-1956)First African American in MLB jersey number 42 is permanently retired from all MLB teams Jackie Robinson
84%
Yankees (1951-1968)helped Yankees to 12 World Series, winning 7 won "Triple Crown"in 1956, leading MLB in batting average, home runs, and RBIs Mickey Mantle
84%
Reds (1963-1986)played all 3 bases and left and right field all-time leader in hits at 4,256, games played at 3,562, and singles at 3,215 3 World Series championships, 3 batting titles, 1 MVP, and 2 Gold Gloves participated in illegal gambling - banned from being in Hall of Fame Pete Rose
84%
Braves (1954-1974)"the Hammer" broke Babe Ruth's home run record, he hit 755 Hank Aaron
79%
Yankees (1936-1951)best known for his 56-game hitting streak in 1941, which still stands today Joe DiMaggio
79%
No matching quizzes found
Score Distribution
Percent of People with Each Score
Percentile by Number Answered
Your Score History
You have not taken this quiz